| 000 | 00513nam a2200157Ia 4500 | ||
|---|---|---|---|
| 008 | 210716s2009 xx 000 0 und d | ||
| 020 | _a0230636128 | ||
| 041 | _aeng | ||
| 082 | _a657.2 SRIR | ||
| 100 | _aSridhar, R;Iyer, H Subramania. | ||
| 245 |
_aAccounting finance for bankers: for JAIIB/ diploma in banking and finance examination. _bFor JAIIB/ diploma in banking and finance examination. |
||
| 250 | _a2 | ||
| 260 |
_aNew Delhi _bMacmillan India Ltd _c2009 |
||
| 300 | _a542 | ||
| 650 | _aAccounting(657) | ||
| 999 |
_c203879 _d203879 |
||